Discover! - Statistics

General Stats
  • This quiz has been taken 5 times
  • The average score is 7 of 10
Answer Stats
Hint Answer % Correct
ustfyji justify
100%
vener never
100%
ginbeingn beginning
75%
wrianbo rainbow
75%
cidulousri ridiculous
75%
ertwa water
75%
cbeseau because
50%
erialstic realistic
50%
lwyas always
25%
tqueiosns questions
25%
No matching quizzes found
Score Distribution
Percent of People with Each Score
Percentile by Number Answered
Your Score History
You have not taken this quiz